=LDR 00000nam 2200000 4500 =001 INLIS000000000019019 =005 20130612114128 =008 ***********************************Ind** =035 ##$$0010-061300000019019 =041 ##$$a Ind =082 ##$$a 302.23 =090 ##$$a 302.23, Tar b =100 ##$$a Tarigan, Henry Guntyr =245 ##$$a Berbicara sebagai suatu ketrampilan berbahasa, Henry Guntur Tarigan =260 ##$$a 1988 $b Bandung =300 ##$$a vii, 114 hlm, 21 cm =650 ##$$a Komunikasi =850 ##$$a NBPNMAT